El niño y la aritmética: instrucción y construcción de las primeras nociones aritméticas

Saved in:
Bibliografiske detaljer
Hovedforfatter: Bermejo, Vicente (Author)
Format: Bog
Sprog:spansk
Udgivet: Barcelona Paidos 1990
Serier:Paidos educador, 96
Fag:
Tags: Tilføj Tag
Ingen Tags, Vær først til at tagge denne postø!

MARC

LEADER 00000nam a2200000 a 4500
001 UCW7740
003 CL-VaPUC
008 930817e19900000SP |||||||||||||||||spa|d
082 0 4 |a 372.71  |b BER  |2 21 
100 0 |a Bermejo, Vicente  |e author  |9 312939 
245 1 3 |a El niño y la aritmética: instrucción y construcción de las primeras nociones aritméticas 
300 |a 210 p 
942 |c BK 
945 |d 19930817 00:00:00 
260 |a Barcelona  |b Paidos  |c 1990 
650 0 |a Matemática  |9 260235 
650 0 |a Enseñanza  |9 256457 
650 0 |a Educación preescolar  |9 260381 
583 |a last modification  |c 19930817 00:00:00  |k Rodrigo Vera 
490 0 |a Paidos educador, 96 
999 |c 220405  |d 220403 
952 |0 0  |1 0  |4 0  |6 372_710000000000000_BER_1990  |7 0  |8 A  |9 212586  |a BIBEDU  |b BIBEDU  |d 2019-11-15  |i 2807882  |o 372.71 BER 1990  |p 2807882  |r 2019-11-15  |w 2019-11-15  |y BK  |k EDU